Tanec na cizí veselce /

Hlavní autor: Krall, Hanna, 1937-
Další autoři: Mlejnek, Josef, 1921-2008, Foglová, Pavla, 1964-
Jazyk: Čeština
Vydáno: Praha : Nakladatelství Lidové noviny, 1997
Vydání: Vyd. 1.
Edice: Mormolyce
Témata:
Externí odkaz: Digitalizovaný dokument
Fyzický popis: 230 s. ; 20 cm
Knihy
Uloženo v:
LEADER 01295nam a2200349 a 4500
001 000172926
003 CZ BrMZK
005 20210416085720.0
007 ta
008 960815s1997 xr g j cze d
015 |a cnb000203111 
020 |a 80-7106-205-7 
035 |a (OCoLC)37962254 
040 |a BOA001  |b cze 
072 7 |a 821.162.1  |x Polská literatura  |2 Konspekt  |9 25 
080 |a 821.162.1-32  |2 MRF 
080 |a (0:82-32)  |2 MRF 
100 1 |a Krall, Hanna,  |d 1937-  |7 jn19992000523  |4 aut 
245 1 0 |a Tanec na cizí veselce /  |c Hanna Krallová ; [z polštiny přeložila Pavla Foglová ; doslovem opatřil Josef Mlejnek] 
250 |a Vyd. 1. 
260 |a Praha :  |b Nakladatelství Lidové noviny,  |c 1997 
300 |a 230 s. ;  |c 20 cm 
490 1 |a Mormolyce ;  |v sv. 3 
655 7 |a polské povídky  |7 fd133082  |2 czenas 
765 0 |t Taniec na cudzym weselu 
700 1 |a Mlejnek, Josef,  |d 1921-2008  |7 jk01081908  |4 wfw 
700 1 |a Foglová, Pavla,  |d 1964-  |7 ola2003209125  |4 trl 
830 0 |a Mormolyce  |0 s 
856 4 1 |u http://www.digitalniknihovna.cz/mzk/uuid/uuid:de97dc40-1617-11e3-bc65-005056827e51  |y Digitalizovaný dokument  |x NDK 
910 |a BOA001  |b 2-1032.413 
990 |a BK 
996 6 |b 2610051316  |c 2-1032.413  |l MZK  |r Sklad / do 1 hodiny  |n 11  |p p.v.  |w 000172926  |u 000010  |a 1  |e BOA001  |j MZK50  |s P